| 000 | 00802nam a2200217 a 4500 | ||
|---|---|---|---|
| 001 | BRCA_2054 | ||
| 005 | 20190320203642.0 | ||
| 008 | 060808s1995----mx-#---###---#000-0#spa-# | ||
| 050 | 4 |
_aN8080.J8 _b.G66 1995 |
|
| 100 | 1 |
_aGonzález Fasani, Ana Mónica _96265 |
|
| 245 | 1 | 0 | _aLa hospitalidad de San Juan de Dios y su labor en Zacatecas, 1608-1826. |
| 260 |
_aZacatecas, México _c1995 |
||
| 300 | _a326 p. | ||
| 500 | _aEjemplar engargolado | ||
| 502 | _aTesis Maestría (Maestra en Estudios Novohispanos) Universidad Autónoma de Zacatecas, Facultad de Humanidades | ||
| 650 | 1 | 4 |
_aOrden Hospitalaria de San Juan de Dios _y1608-1826 _zZacatecas _96266 |
| 650 | 1 | 4 |
_aSan Juan de Dios _xHospitalidad _y1608-1826 _zZacatecas _96267 |
| 653 | 0 | _aOrdenes hospitalarias | |
| 902 | _aTES | ||
| 942 |
_2lcc _cTES |
||
| 999 |
_c1818 _d1818 |
||